The Uganda protectorate : an attempt to give some description of the physical geography, botany, zoology, anthropology, languages and history of the territories under British protection in East Central Africa, between the Congo Free State and the Rift Valley and between the first degree of south latitude and the fifth degree of north latitude, |c /
محفوظ في:
المؤلف الرئيسي:
التنسيق: كتاب
اللغة: English
الموضوعات:
الوسوم: إضافة وسم
لا توجد وسوم, كن أول من يضع وسما على هذه التسجيلة!
رقم الطلب: DT434 .U2 J7 v.1
| LEADER | 01488namaa2200289 4500 | ||
|---|---|---|---|
| 001 | 20243 | ||
| 003 | OSt | ||
| 005 | 20210210092202.0 | ||
| 008 | 130303s1902 enkabfcg 000 0 eng d | ||
| 952 | |0 0 |1 0 |2 lcc |3 V.1 |4 0 |6 DT0434 U2 J7 V.00001 |7 1 |9 10259 |a ARCE |b ARCE |d 2021-02-10 |l 0 |o DT434 .U2 J7 v.1 |p 1003227 |r 2021-02-10 00:00:00 |w 2021-02-10 |y BK | ||
| 999 | |c 18741 |d 18741 | ||
| 010 | |a 02022122 | ||
| 040 | |c ARCE Library | ||
| 043 | |a f-ug--- | ||
| 050 | 0 | 4 | |a DT434 .U2 J7 v.1 |
| 100 | 1 | |a Johnston, Harry Hamilton, |d 1858-1927. |e author | |
| 245 | 1 | 4 | |a The Uganda protectorate : |b an attempt to give some description of the physical geography, botany, zoology, anthropology, languages and history of the territories under British protection in East Central Africa, between the Congo Free State and the Rift Valley and between the first degree of south latitude and the fifth degree of north latitude, |c / |c by Sir Harry Johnston ; With 506 illustrations from drawings and photographs by the author and others, 48 full-page coloured plates by the author and 9 maps by J. G. Bartholomew, the author. |
| 264 | 1 | |a London : |b Hutchinson and Co., |c 1902. | |
| 300 | |a volume <1> : |b illustrations, color plates, portraits, folded maps ; |c 26 cm. | ||
| 336 | |a text |b txt |2 rdacontent | ||
| 337 | |a unmediated |b n |2 rdamedia | ||
| 338 | |a volume |b nc |2 rdacarrier | ||
| 650 | 0 | |a African languages. | |
| 650 | 0 | |a Natural history |z Uganda. | |
| 650 | 0 | |a Ethnology |z Uganda. | |
| 901 | |a reviewed | ||
| 942 | |c BK |2 lcc | ||
